[Event "FRA-chT2S 9899"]
[Site "France"]
[Date "1999.??.??"]
[Round "9"]
[White "Lachique, Francois"]
[Black "Hodot, Yves"]
[Result "0-1"]
[WhiteElo "2231"]
[BlackElo "2147"]
[PlyCount "154"]
[EventDate "1998.??.??"]
[EventType "team"]
[EventRounds "9"]
[EventCountry "FRA"]
[SourceTitle "EXT 2002"]
[Source "ChessBase"]
[SourceDate "2001.11.25"]
[SourceVersion "1"]
[SourceVersionDate "2001.11.25"]
[SourceQuality "1"]

1. e4 e6 2. d4 d5 3. Nc3 Bb4 4. a3 Bxc3+ 5. bxc3 dxe4 6. Qg4 Nf6 7. Qxg7 Rg8 8. Qh6 Nbd7 9. h3 c6 10. g4 Qa5 11. Ne2 b6 12. g5 Ba6 13. Bd2 e3 14. gxf6 exd2+ 15. Qxd2 0-0-0 16. Nf4 Ne5 17. Bxa6+ Qxa6 18. Qe2 Nc4 19. Nd3 Nd6 20. Ne5 b5 21. Qf3 Kc7 22. Qf4 Qb7 23. Nxf7 e5 24. Nxd8 exf4 25. Nxb7 Kxb7 26. 0-0-0 Rf8 27. Rde1 Rxf6 28. Kb2 h6 29. Kb3 Kb6 30. a4 bxa4+ 31. Kxa4 Rf5 32. Re5 Rf6 33. Rg1 Nc4 34. Re7 Rf5 35. Kb4 Nd2 36. c4 Nf3 37. Rgg7 a5+ 38. Ka4 Nxd4 39. Rb7+ Kc5 40. Rgf7 Rh5 41. Rxf4 Rxh3 42. Rbf7 Rc3 43. R4f6 Rxc2 44. Ka3 Kxc4 45. Rf4 Kc3 46. Rxd4 Kxd4 47. Rh7 Rxf2 48. Rxh6 Kc5 49. Rh5+ Kb6 50. Ka4 Rf1 51. Rg5 Rd1 52. Rh5 Rd4+ 53. Ka3 c5 54. Rg5 Kb5 55. Kb3 Rd3+ 56. Kb2 Kb4 57. Kc2 Rh3 58. Rg4+ c4 59. Rg8 Rh2+ 60. Kc1 a4 61. Kb1 Kb3 62. Rb8+ Kc3 63. Ra8 Rh5 64. Ra7 Kb4 65. Rb7+ Rb5 66. Rh7 Kb3 67. Ka1 c3 68. Rh3 Rd5 69. Rh1 a3 70. Rb1+ Kc4 71. Ka2 c2 72. Rh1 Kc3 73. Rh3+ Rd3 74. Rh1 Re3 75. Kxa3 Re7 76. Rh3+ Kd2 77. Rh2+ Re2 0-1

[Event "FRA-chT2S 9899"]
[Site "France"]
[Date "1999.??.??"]
[Round "5"]
[White "Martin, Joel"]
[Black "Hodot, Yves"]
[Result "0-1"]
[WhiteElo "2100"]
[BlackElo "2147"]
[PlyCount "120"]
[EventDate "1998.??.??"]
[EventType "team"]
[EventRounds "9"]
[EventCountry "FRA"]
[SourceTitle "EXT 2002"]
[Source "ChessBase"]
[SourceDate "2001.11.25"]
[SourceVersion "1"]
[SourceVersionDate "2001.11.25"]
[SourceQuality "1"]

1. Nf3 f5 2. g3 g6 3. d4 Bg7 4. Bg2 Nf6 5. c4 d6 6. Nc3 c6 7. 0-0 0-0 8. Re1 Na6 9. a3 Be6 10. Qd3 h6 11. b4 Qe8 12. b5 Nc7 13. bxc6 bxc6 14. Nd2 d5 15. c5 Ne4 16. e3 Bc8 17. f3 Nxc3 18. Qxc3 e5 19. Bb2 e4 20. f4 g5 21. Qc2 Bf6 22. Bc3 gxf4 23. gxf4 Kh7 24. Nf1 Ba6 25. Qf2 Rg8 26. Kh1 Qh5 27. Ng3 Qg6 28. Rg1 Bh4 29. Bf1 Qf7 30. Bxa6 Bxg3 31. Rxg3 Rxg3 32. hxg3 Nxa6 33. Qe2 Nc7 34. Rb1 Nb5 35. Rb3 Rg8 36. Be1 Rg4 37. Qh2 Rg7 38. a4 Nc7 39. Rb7 Qg6 40. Qh3 Ne8 41. Rxg7+ Kxg7 42. Qh4 Nf6 43. Ba5 Qf7 44. Qh2 Qb7 45. Qc2 Qa6 46. Qb1 Kg6 47. Qe1 Ng4 48. Kg2 Qc4 49. Bd2 Qxa4 50. Qb1 Qc4 51. Qe1 Qd3 52. Kh3 Qc2 53. Qe2 Qd1 54. Qxd1 Nf2+ 55. Kg2 Nxd1 56. Kf1 Nb2 57. Ke2 Nc4 58. Be1 a5 59. Bc3 a4 60. Ba1 a3 0-1

[Event "FRA-chT2S 9798"]
[Site "France"]
[Date "1998.??.??"]
[Round "8"]
[White "Bertrand, Frederic"]
[Black "Hodot, Yves"]
[Result "1-0"]
[WhiteElo "2200"]
[BlackElo "2135"]
[PlyCount "83"]
[EventDate "1997.??.??"]
[EventType "team"]
[EventRounds "9"]
[EventCountry "FRA"]
[SourceTitle "EXT 2003"]
[Source "ChessBase"]
[SourceDate "2002.11.25"]
[SourceVersion "1"]
[SourceVersionDate "2002.11.25"]
[SourceQuality "1"]

1. d4 f5 2. d5 d6 3. g3 g6 4. Bg2 Bg7 5. Nf3 Nf6 6. 0-0 0-0 7. c4 Na6 8. Nc3 Nc5 9. Nd4 a5 10. b3 Ng4 11. Bg5 h6 12. Bc1 Ne5 13. f4 Ng4 14. e4 a4 15. Rb1 axb3 16. axb3 c6 17. h3 Qa5 18. b4 Qa7 19. bxc5 Qxc5 20. Nce2 fxe4 21. hxg4 Bxg4 22. Be3 Ra3 23. Rb3 Rfa8 24. Nc2 Rxb3 25. Bxc5 dxc5 26. Bxe4 Ra2 27. dxc6 bxc6 28. Bxg6 Rxg3+ 29. Nxg3 Bxd1 30. Rxd1 Bd4+ 31. Nxd4 cxd4 32. Rxd4 Kg7 33. f5 Kf6 34. Re4 Rc2 35. Nf1 Kg5 36. Nh2 Rc1+ 37. Kg2 Rc2+ 38. Kg3 h5 39. Nf3+ Kh6 40. Rh4 Kg7 41. Re4 Kh6 42. Rxe7 1-0